| 000 | 00819nam a2200229Ii 4500 | ||
|---|---|---|---|
| 003 | JO-AjNU | ||
| 008 | 230605s9999||||xx |||||||||||||| ||und|| | ||
| 017 | _a3681/10/2008 | ||
| 020 | _a9957-07-615-3 | ||
| 040 |
_aJO-AjNU _bara _erda _cJO-AjNU |
||
| 041 | _aara | ||
| 050 | 1 | 4 | _aLC3965.K43 2009 |
| 100 | 3 |
_aالخطيب،جمال مؤلف/الحديدي منى م.مشارك, _eauthor _928582 |
|
| 245 | 0 | 0 | _aالمدخل إلى التربية الخاصة |
| 250 | _aط1 | ||
| 264 | 3 | 1 | _aعمان:دار الفكر،2009 |
| 300 | _a304ص | ||
| 336 |
_atext _btxt _2rdacontent |
||
| 337 |
_aunmediated _bn _2rdamedia |
||
| 338 |
_avolume _bnc _2rdacarrier |
||
| 650 | 4 |
_aصعوبات التعلم-التربية الخاصة. الموهوبون-تعليم. الأطفال المعوقون-تعليم. _928583 |
|
| 999 |
_aA11104 _c14672 _d14672 |
||